Gaming Quiz

Random Gaming or Clip Quiz

Mario Game Medley Quiz Stats

 Plays Quiz Updated Dec 19, 2016

Score 0/16 Timer 09:00
0 Plays Today
Time in Medley Game % Correct
0:00 - 0:18Super Mario Bros. 3
85.1%
3:54 - 4:16Super Mario Bros.
61.6%
1:02 - 1:23Mario Kart 64
56.4%
2:07 - 2:25Super Mario World
55.9%
3:09 - 3:34Super Mario 64
51.2%
5:28 - 5:58Super Mario Galaxy
44.6%
1:23 - 1:45Dr. Mario
40.6%
4:40 - 5:04Super Mario Sunshine
40%
Time in Medley Game % Correct
1:45 - 2:07Luigi's Mansion
38.9%
4:16 - 4:40Super Mario World 2: Yoshi's Island
37.5%
2:48 - 3:09New Super Mario Bros.
37.2%
0:18 - 0:44Super Mario Land 2: 6 Golden Coins
34.5%
3:34 - 3:54Super Mario RPG: Legend of the Seven Stars
29.2%
0:44 - 1:02Paper Mario: The Thousand-Year Door
25.9%
5:04 - 5:28Mario & Luigi: Bowser's Inside Story
13.3%
2:25 - 2:48Mario vs. Donkey Kong
9.9%

You're not logged in!

Compare scores with friends on all Sporcle quizzes.
OR
Log In

Sporcle TV

Today on Sporcle TV


Watch our educational content, quiz creation guides, and fun videos on Sporcle TV.

Show Comments

Extras

Top Quizzes Today


Score Distribution

Your Account Isn't Verified!

In order to create a playlist on Sporcle, you need to verify the email address you used during registration. Go to your Sporcle Settings to finish the process.

Report this User

Report this user for behavior that violates our Community Guidelines.

Details: